Sơ thảo lịch sử văn học Việt Nam : Thế kỷ XVIII. t. III /
שמור ב:
| מחבר ראשי: | |
|---|---|
| מחברים אחרים: | , |
| פורמט: | Sách giấy |
| שפה: | Vietnamese |
| יצא לאור: |
H.:
Văn sử địa,
1959
|
| נושאים: | |
| תגים: |
הוספת תג
אין תגיות, היה/י הראשונ/ה לתייג את הרשומה!
|
| Thư viện lưu trữ: | Thư viện Trường Đại học Đà Lạt |
|---|
| LEADER | 00855nam a2200313 4500 | ||
|---|---|---|---|
| 001 | DLU020019866 | ||
| 005 | ##3/25/2002 | ||
| 020 | # | # | |a 978- |
| 041 | # | # | |a vie |
| 082 | # | # | |a 895.922 |b VA-T |
| 100 | # | # | |a Văn Tân |
| 245 | # | # | |a Sơ thảo lịch sử văn học Việt Nam : |b Thế kỷ XVIII. |n t. III / |c Văn Tân, Nguyễn Hồng Phong, Nguyễn Đổng Chi |
| 260 | # | # | |a H.: |b Văn sử địa, |c 1959 |
| 300 | # | # | |a 301 tr.; |c 20 cm. |
| 653 | # | # | |a Lịch sử văn học |
| 653 | # | # | |a Nghiên cứu văn học |
| 653 | # | # | |a Văn học chữ Hán |
| 653 | # | # | |a Văn học dân gian |
| 700 | # | # | |a Nguyễn Đổng Chi |
| 700 | # | # | |a Nguyễn Hồng Phong |
| 992 | # | # | |a 32000 |
| 994 | # | # | |a DLU |
| 900 | # | # | |a False |
| 911 | # | # | |a Administrator |
| 925 | # | # | |a G |
| 926 | # | # | |a A |
| 927 | # | # | |a SH |
| 980 | # | # | |a Thư viện Trường Đại học Đà Lạt |